| 000 | 00560nam a2200205 i 4500 | ||
|---|---|---|---|
| 001 | 13970 | ||
| 003 | ES-MaACL | ||
| 005 | 20230906150713.0 | ||
| 007 | t| | ||
| 008 | 980825s1997 sp ||||1| spa d | ||
| 020 | _a84-92-1092-2-X | ||
| 080 | _a929 Fernández Casado, Carlos | ||
| 245 | 0 | 0 | _aCarlos Fernández Casado. |
| 250 | _a1ª ed. | ||
| 260 |
_aMadrid : _bFundación Esteyco, _c1997. |
||
| 300 |
_a119 p. ; _c23 cm. |
||
| 600 | 1 | 4 |
_aFernández Casado, Carlos. _949558 |
| 710 | 2 |
_aFundación Esteyco. _94291 |
|
| 852 |
_aES-MaACL _jL-21315 _bR.126594 |
||
| 999 |
_c13970 _d13970 |
||